A Study on the Attitude Towards Homosexuality Among the Youth in Lamka and a Call for Christian Response With Special Reference to Evangelical Baptist Convention (Record no. 7993)
[ view plain ]
| 000 -LEADER | |
|---|---|
| fixed length control field | 00671nam a22001697a 4500 |
| 003 - CONTROL NUMBER IDENTIFIER | |
| control field | GBCCL |
| 005 - DATE AND TIME OF LATEST TRANSACTION | |
| control field | 20241126110641.0 |
| 008 - FIXED-LENGTH DATA ELEMENTS--GENERAL INFORMATION | |
| fixed length control field | 181123b ||||| |||| 00| 0 eng d |
| 040 ## - CATALOGING SOURCE | |
| Transcribing agency | GBC |
| 082 ## - DEWEY DECIMAL CLASSIFICATION NUMBER | |
| Classification number | ARCH GBC-2015 |
| Item number | CHI |
| 100 ## - MAIN ENTRY--PERSONAL NAME | |
| Personal name | Chinghatzo |
| 9 (RLIN) | 13954 |
| 245 ## - TITLE STATEMENT | |
| Title | A Study on the Attitude Towards Homosexuality Among the Youth in Lamka and a Call for Christian Response With Special Reference to Evangelical Baptist Convention |
| Statement of responsibility, etc. | Chinghatzo |
| 260 ## - PUBLICATION, DISTRIBUTION, ETC. | |
| Place of publication, distribution, etc. | New Lamka: |
| Name of publisher, distributor, etc. | Grace Bible College, |
| Date of publication, distribution, etc. | 2015 |
| 300 ## - PHYSICAL DESCRIPTION | |
| Extent | xvi + 58 p.; |
| Dimensions | 21 x 30 cm. |
| 650 ## - SUBJECT ADDED ENTRY--TOPICAL TERM | |
| Topical term or geographic name entry element | Homosexuality |
| Form subdivision | Youth |
| -- | Christian Response |
| General subdivision | Evangelical Baptist Convention |
| Geographic subdivision | Lamka |
| -- | Churachandpur |
| 9 (RLIN) | 13955 |
| 942 ## - ADDED ENTRY ELEMENTS (KOHA) | |
| Source of classification or shelving scheme | Dewey Decimal Classification |
| Koha item type | Thesis |
| Withdrawn status | Lost status | Source of classification or shelving scheme | Damaged status | Not for loan | Home library | Current Library | Shelving location | Date acquired | Total checkouts | Full call number | Barcode | Date last seen | Copy number | Price effective from | Koha item type |
|---|---|---|---|---|---|---|---|---|---|---|---|---|---|---|---|
| Dewey Decimal Classification | GRACE BIBLE COLLEGE | GRACE BIBLE COLLEGE | Archives | 2018-11-23 | ARCH GBC-2015 CHI | 025123 | 2025-05-01 | c.1 | 2018-11-23 | Thesis | |||||
| Dewey Decimal Classification | GRACE BIBLE COLLEGE | GRACE BIBLE COLLEGE | Archives | 2018-11-23 | ARCH GBC-2015 CHI | 025124 | 2025-05-01 | c.2 | 2018-11-23 | Thesis |